The sage handbook of qualitative research in psychology (Record no. 80303)
[ view plain ]
| 000 -LEADER | |
|---|---|
| fixed length control field | 00861nam a2200181 a 4500 |
| 008 - FIXED-LENGTH DATA ELEMENTS--GENERAL INFORMATION | |
| fixed length control field | 150512s2008 ||||||||||||||||| || u |
| 020 ## - INTERNATIONAL STANDARD BOOK NUMBER | |
| International Standard Book Number | 9781412907811 |
| 050 ## - LIBRARY OF CONGRESS CALL NUMBER | |
| Classification number | BF 76.5 Sag |
| 100 ## - MAIN ENTRY--PERSONAL NAME | |
| Personal name | Willig, Carla |
| 245 14 - TITLE STATEMENT | |
| Title | The sage handbook of qualitative research in psychology |
| Statement of responsibility, etc. | edited by Carla and Wendy Stainton-Rodgers |
| 260 ## - PUBLICATION, DISTRIBUTION, ETC. | |
| Place of publication, distribution, etc. | Los Angeles |
| Name of publisher, distributor, etc. | SAGE Publications Ltd |
| Date of publication, distribution, etc. | 2008 |
| 260 ## - PUBLICATION, DISTRIBUTION, ETC. | |
| Place of publication, distribution, etc. | Los Angeles |
| Name of publisher, distributor, etc. | SAGE Publications |
| Date of publication, distribution, etc. | 2008 |
| 300 ## - PHYSICAL DESCRIPTION | |
| Extent | xxix, 631p.: ill |
| 350 ## - | |
| -- | 59.00 |
| 650 ## - SUBJECT ADDED ENTRY--TOPICAL TERM | |
| Topical term or geographic name entry element | PSYCHOLOGY-QUALITATIVE RESEARCH |
| 995 ## - | |
| -- | MAIN LIBRARY OPEN ACCESS |
| -- | 747476 |
| -- | CBU-MAIN LIBRARY (Kitwe) |
| -- | 59.00 |
| -- | BF 76.5 Sag |
| -- | 2 |
| -- | AVAILABLE |
| -- | Feb 20, 2017 |
| -- | 747476 |
| -- | Main Library Open Access Collection |
| 995 ## - | |
| -- | MAIN LIBRARY OPEN ACCESS |
| -- | 745378 |
| -- | CBU-MAIN LIBRARY (Kitwe) |
| -- | 59.00 |
| -- | BF 76.5 Sag |
| -- | 1 |
| -- | AVAILABLE |
| -- | May 14, 2015 |
| -- | 745378 |
| -- | Main Library Open Access Collection |
| 999 ## - | |
| -- | 80303 |
| -- | 80303 |
| Withdrawn status | Lost status | Source of classification or shelving scheme | Damaged status | Not for loan | Permanent Location | Current Location | Shelving location | Date acquired | Total Checkouts | Full call number | Barcode | Date last seen | Copy number | Price effective from | Koha item type |
|---|---|---|---|---|---|---|---|---|---|---|---|---|---|---|---|
| CBU-MAIN LIBRARY, KITWE. | CBU-MAIN LIBRARY, KITWE. | 06/29/2023 | BF 76.5 Sag | 747476 | 06/29/2023 | 1 | 06/29/2023 | MONOGRAPH | |||||||
| CBU-MAIN LIBRARY, KITWE. | CBU-MAIN LIBRARY, KITWE. | 06/29/2023 | BF 76.5 Sag | 745378 | 06/29/2023 | 2 | 06/29/2023 | MONOGRAPH |